00287nam a2200121Ia 4500008004100000100001900041245003700060260002700097300000700124650001000131942000700141999001700148190216s9999||||xx |||||||||||||| ||und|| aRekha Madhubal 0aHindi- Paryabarn Aur Pradusharna bGurjan Prakashanc2007 a64 aHindi cBK c16486d16486